Dilemmas in responsible investment

Bibliographic Details
Main Author: Louche, Celine.
Corporate Author: ProQuest (Firm)
Other Authors: Lydenberg, Steven D.
Format: Electronic eBook
Language:English
Published: Sheffield, South Yorkshire, England : Greenleaf Pub., 2011.
Series:Responsible investment series ; v. 2
Subjects:
Online Access:Click to View
LEADER 01346nam a2200349 a 4500
001 EBC1741632
003 MiAaPQ
005 20200520144314.0
006 m o d |
007 cr cn|||||||||
008 130213s2011 enkd sb 001 0 eng d
020 |z 9781906093518 
020 |a 9781909493988 (electronic bk.) 
035 |a (MiAaPQ)EBC1741632 
035 |a (Au-PeEL)EBL1741632 
035 |a (CaPaEBR)ebr10650123 
035 |a (OCoLC)827237073 
040 |a MiAaPQ  |c MiAaPQ  |d MiAaPQ 
050 4 |a HG4515.13  |b .L68 2011 
100 1 |a Louche, Celine. 
245 1 0 |a Dilemmas in responsible investment  |h [electronic resource] /  |c Celine Louche and Steve Lydenberg. 
260 |a Sheffield, South Yorkshire, England :  |b Greenleaf Pub.,  |c 2011. 
300 |a x, 229 p. :  |b ill. 
440 0 |a Responsible investment series ;  |v v. 2 
504 |a Includes bibliographical references and index. 
533 |a Electronic reproduction. Ann Arbor, MI : ProQuest, 2015. Available via World Wide Web. Access may be limited to ProQuest affiliated libraries. 
650 0 |a Investments  |x Decision making. 
650 0 |a Investments  |x Moral and ethical aspects. 
655 4 |a Electronic books. 
700 1 |a Lydenberg, Steven D. 
710 2 |a ProQuest (Firm) 
856 4 0 |u https://ebookcentral.proquest.com/lib/matrademy/detail.action?docID=1741632  |z Click to View